000 00236 a2200097 4500
001 27368
100 _aWhelan, P M
245 _aQuestions and problems in pre-university Physics
260 _a
_bJohn Murray
_c1976
090 _c18191
_d18191
942 _aNUST-CAE
_cM
_c9104
999 _c262441
_d262441